Động vật học không xương sống Giáo trình dùng cho các trường Đại học sư phạm

Động vật học không xương sống. Phần lý thuyết: các đặc điểm cơ bản về cấu tạo, chức năng và hệ thống đặc trưng của từng Ngành động vật không xương sống. Phần thực hành: chuẩn bị dụng cụ mẫu vật, nội dung thực hiện, nội dung mở rộng...

Full description

Saved in:
Bibliographic Details
Main Author: Thái, Trần Bái
Format: Book
Language:Vietnamese
Published: H. Giáo dục 2008
Edition:Lần 5
Subjects:
Tags: Add Tag
No Tags, Be the first to tag this record!
Institutions: Mạng thư viện Đại học Đà Nẵng
LEADER 01502nam a22003618a 4500
001 000016346
003 12748
005 20130315080322.0
008 120921s2008 b 000 0 vieod
020 |c 45000  |d 3500b 
041 0 |a vie 
080 |a 592(075.3) 
082 |a 592  |b TH-B 
084 |a E691/692z73  |b Đ000ộ 
100 1 |a Thái, Trần Bái 
245 1 0 |a Động vật học không xương sống  |b Giáo trình dùng cho các trường Đại học sư phạm  |c GS.TSKH Thái Trần Bái 
250 |a Lần 5 
260 |a H.  |b Giáo dục  |c 2008 
300 |a 379 tr : hình vẽ  |c 27cm. 
520 |a Động vật học không xương sống. Phần lý thuyết: các đặc điểm cơ bản về cấu tạo, chức năng và hệ thống đặc trưng của từng Ngành động vật không xương sống. Phần thực hành: chuẩn bị dụng cụ mẫu vật, nội dung thực hiện, nội dung mở rộng 
653 |a Động vật không xương sống 
653 |a Giáo trình 
653 |a Động vật học 
OWN |a LSP 
AVA |a UDN50  |b LSP  |d 592 TH-B  |e check_holdings  |t Error 5003 Not defined in file expand_doc_bib_avail.  |h N  |k 1 
999 |a From the UDN01 
AVA |a UDN50  |b LSP  |d 592 TH-B  |e available  |t Error 5001 Not defined in file expand_doc_bib_avail.  |f 85  |g 1  |h N  |i 94  |k 1 
TYP |a Monograph 
TYP |a Printed language 
980 |a Mạng thư viện Đại học Đà Nẵng